000 01378nam a22002777a 4500
001 EPSA 0310
003 gtcocun
005 20250902180504.0
006 a||||gr|||| 00| 0
007 ta
008 250902b2025 gt ||||| m||| 00| 0 eng d
040 _agtcocun
_bSPA
_cgtcocun
_eRDA
041 _aSPA EPSA 0310
084 _0EPSA 0310
100 _aPacay García, Astrid Didaliz
_eAutor
245 _aINFORME FINAL DEL EJERCICIO PROFESIONAL SUPERVISADO, REALIZADO EN EL BENEMERITO CUERPO VOLUNTARIO DE BOMBEROS DE LA 36a. COMPAÑIA, COBÁN, ALTRA VERAPAZ/
_cAstrid Didaliz Pacay García
_hImpreso
264 _aCobán, Alta Verapaz:
_bUniversidad de San Carlos de Guatemala, Centro Universitario del Norte, Licenciatura en Administración de Empresas
_c2025
300 _a54 p.:
_bIlustraciones, gráficas.
_c28 cm;
502 _eEPSA 0310
502 _aEjercicio Profesional Supervisado
_bLicenciatura en Administración de Empresas
_cUniversidad de San Carlos de Guatemala, Centro Universitario del Norte,
_d2025
_oEPSA 0310
650 _2LEMB
_aCobán, Alta Verapaz
_xAdministración
_xDiagnóstico
_xInvestigación
_xMarketing
_xManual
_xObjetivo
_xControl
700 _aLcda. María Mercedes Juárez Richter
_eAsesor
856 _uSin archivo en línea
_zSin archivo en línea.
942 _2ddc
_cTES
_iEPSA 0310
_kClasificación
_n0
_6EPSA_0310_000000000000000
999 _c1600
_d1600